Statistiques concernant Villes avec les plus grandes économies

Cliquez ici pour prendre le quiz!

Statistiques générales

  • Ce quiz a été pris 23 401 fois
  • Le résultat moyen est 23 sur 50

Statistiques - réponses

PIBVille% Correct
$715 mrdParis
99%
$1 403 mrdNew York
97%
$836 mrdLondres
93%
$1 617 mrdTokyo
92%
$506 mrdPékin
89%
$861 mrdLos Angeles
88%
$262 mrdMadrid
84%
$553 mrdMoscou
83%
$442 mrdWashington
72%
$404 mrdMexico
71%
$594 mrdShanghai
70%
$563 mrdChicago
66%
$223 mrdSydney
66%
$263 mrdMiami
60%
$846 mrdSéoul
58%
$366 mrdSingapour
56%
$416 mrdHong Kong
55%
$491 mrdSan Francisco
55%
$312 mrdMilan
54%
$316 mrdBuenos Aires
53%
$431 mrdSão Paulo
53%
$276 mrdToronto
50%
$254 mrdBruxelles
49%
$279 mrdMumbai
49%
$360 mrdBoston
48%
$349 mrdIstanbul
47%
$321 mrdJakarta
46%
$220 mrdMunich
46%
$413 mrdDallas
41%
$483 mrdHouston
38%
$268 mrdSeattle
38%
$743 mrdCanton / Shenzhen
37%
$230 mrdFrancfort-sur-le-Main
36%
$671 mrdOsaka
36%
$307 mrdBangkok
35%
$347 mrdPhiladelphie
31%
$294 mrdAtlanta
29%
$327 mrdTaipei
27%
$208 mrdDétroit
26%
$232 mrdWuhan
16%
$364 mrdNagoya
10%
$297 mrdBusan
7%
$372 mrdTianjin
7%
$233 mrdChengdu
6%
$211 mrdMinneapolis
6%
$316 mrdChongqing
5%
$220 mrdHangzhou
3%
$209 mrdQingdao
2%
$339 mrdSuzhou
2%
$212 mrdWuxi
1%

Distribution des résultats

Percentile par nombre de réponses

% des personnes avec chaque résultat

Votre développement - résultats

Vous n’avez pas pris ce quiz